Responses for Show #6225 - Friday, October 14, 2011

Contestants

[<< previous game]

Joe Koster, a telephone technician from Pelham, New Hampshire

Megan Benitz, a museum registrar from Wathena, Kansas

Katie Proctor, a stay-at-home mom from Hendersonville, North Carolina (whose 2-day cash winnings total $51,201)

[next game >>]

Jeopardy! Round responses

HOME FROM THE HOUSE
SHOP TALK
YOU'LL NEED SOME BACKUP
AT 33
THE PLANETS
INSIDE OUTSIDE
(Alex: Each correct response will be made up of letters in the word "outside".)
    $200 18
California

Katie
    $200 8
Neiman

Katie
    $200 1
Frankie Valli

Katie
    $200 3
Jefferson

Katie
    $200 13
Venus

Joe
    $200 26
diet

Katie
    $400 19
Ohio

Joe
    $400 9
Banana Republic

Katie
    $400 2
Prince

Megan
    $400 4
(Andy) Warhol

Katie
    $400 14
Saturn

Katie
    $400 27
sod

Megan
    $600 20
Massachusetts

Joe
    $600 10
Harry & David

Katie
    $600 23
Florence

Megan
    $600 5
Martin Luther

Katie
    $600 15
(Katie: What is Jupiter?)

Mars

KatieJoe
    $600 28
douse

Joe
    $800 21
(Joe: What is Illinois?)

Michigan

Joe
Triple Stumper
    $800 11
Williams-Sonoma

Megan
    $800 24
Joan Jett

Katie
    $1,400 6
(Edmund) Hillary

Katie
    $800 16
the Earth

Joe
    $800 29
oust

Megan
    $1000 22
Maryland

Triple Stumper
    $1000 12
Macy's

Joe
    $1000 25
(Katie: Who is Harold?)
(Alex: Give me more.)
(Katie: ...[Shakes head] No.)

Harold Melvin

KatieJoe
    $1000 7
Dr. Seuss

Megan
    $1000 17
Neptune

Megan
    $1000 30
suite

Katie

Scores at the first commercial break (after clue 15):

Katie Megan Joe
$3,800 $2,200 $1,800

Scores at the end of the Jeopardy! Round:

Katie Megan Joe
$5,000 $5,000 $4,400

Double Jeopardy! Round responses

ARCHITECTURE
THE SHERLOCK HOLMES FILE
UNWANTED DISTINCTIONS
THE NO-FLY LIST
"V" IS FOR...
THE GREATEST IN SPORTS WITH MIKE & MIKE
(Alex: You all know who they are.)
    $400 19
prefab

Joe
    $400 14
(Dr. John) Watson

Katie
    $400 26
Ulysses

Katie
    $400 3
kiwi

Joe
    $400 2
variety

Katie
    $400 1
Tyson & Holyfield

Megan
    $5,000 20
minarets

Joe
    $800 15
Moriarty

Katie
    $800 27
life expectancy

Katie
    $800 10
the ostrich

Katie
    $800 4
vapor

Katie
    $800 8
the 4-minute mile

Joe
    $1200 21
a gable

Katie
    $1200 16
221B Baker Street

Katie
    $1200 28
the Escalade

Joe
    $1200 11
the dodo

Megan
    $1200 5
a vane

Megan
    $1200 9
Knute Rockne

Katie
    $1600 22
a balustrade

Megan
    $1600 17
(Megan: Um, what is...)
(Katie: What is A Study in Red?)
(Joe: What is The Case of the Scarlet Pimpernel?)

A Study in Scarlet

KatieMeganJoe
Triple Stumper
    $1600 29
(Katie: What is saving?)

debt

KatieMegan
    $1600 12
(Katie: What is the rhea?)

the moa

KatieMegan
    $1,600 6
a vicuña

Megan
    $1600 24
(Don) Larsen

Joe
    $2000 23
a cantilever

Triple Stumper
    $2000 18
the violin

Katie
    $2000 30
the Dauphin

Joe
    $2000 13
the auk

Katie
    $2000 7
the Vedas

Joe
    $2000 25
(Alex: [*] is right, and if ever Jeopardy! goes to a two-host format, I recommend Mike & Mike. Those guys are fun. All right, less than a minute to go now, Joe.)

(John) Wooden

Joe

Scores at the end of the Double Jeopardy! Round:

Katie Megan Joe
$12,200 $12,600 $18,200

[wagering suggestions for these scores]

Final Jeopardy! Round responses

THE WESTERN HEMISPHERE
(Alex: It was in the War of the Pacific and it was bad news for this country.)
...
(Alex: [Revealing Joe's response] They lost their access to the sea to Chile.)
KatieWhat is Brazil?
$10,000
MeganWhat is Venezuela
$6,000
JoeWhat is Bolivia?
$7,001
Bolivia

Final scores:

Katie Megan Joe
$2,200 $6,600 $25,201
3rd place: $1,000 2nd place: $2,000 New champion: $25,201

Game dynamics:

Coryat scores:

Katie Megan Joe
$11,600 $12,600 $14,000
25 R
(including 1 DD),
5 W
14 R
(including 1 DD),
1 W
17 R
(including 1 DD),
2 W

Combined Coryat: $38,200

[game clues] [game scores] [suggest correction]

Game tape date: 2011-08-29
The J! Archive is created by fans, for fans. Scraping, republication, monetization, and malicious use prohibited; this site may use cookies and collect identifying information. See terms. The Jeopardy! game show and all elements thereof, including but not limited to copyright and trademark thereto, are the property of Jeopardy Productions, Inc. and are protected under law. This website is not affiliated with, sponsored by, or operated by Jeopardy Productions, Inc. Join the discussion at JBoard.tv.